| 000 | 00726nam a2200217 i 4500 | ||
|---|---|---|---|
| 001 | 130135 | ||
| 003 | ES-MaACL | ||
| 005 | 20231102143536.0 | ||
| 007 | t| | ||
| 008 | 070719s1933 sp ||||1| spa d | ||
| 100 | 1 |
_aZweig, Stefan, _d1881-1942 _9118562 |
|
| 245 | 1 | 0 |
_aFouché _b: retrato de un político / _cStefan Zweig ; traducción del alemán por Máximo José Kahn y Miguel Pérez Ferrero. |
| 250 | _a3ª ed. | ||
| 260 |
_aMadrid : _bEditorial España, _c1933. |
||
| 300 |
_a319 p. ; _c20 cm. |
||
| 600 | 1 | 4 |
_aFouché, Joseph, _d1759-1820 _951924 |
| 700 | 1 |
_aKahn, Máximo José. _967424 |
|
| 700 | 1 |
_aPérez Ferrero, Miguel, _d1905-1978 _990864 |
|
| 852 |
_aES-MaACL _jA-1535 |
||
| 999 |
_c130135 _d130135 |
||